000 01427cam a22002174a 4500
005 20250605163928.0
008 250528s ||||||||||||||||||||||||d
035 _a14595
020 _a1854330748
040 _aGR-AtMCL
_bgre
_dGR-AtMCL
_eAACR2
245 1 _aBPS Manual of Psychology Practicals / Experiment, Observation and Correlation
260 _bBps Books,
_c1994
300 _a232
520 _aThis manual contains 15 carefully tested practical exercises designed to encourage students to explore and compare the experimental, observational and correlational methods of psychological investigation. Introduction and Acknowledgements, The Experimental Method, Experimenter Bias Effects: Unintentional Versus Intentional Factors, Hand Preference and Hand Skill, Evaluating a Technique to Aid the Learning of People's Names, The Observational Method, Sex Role Stereotyping in British Television Advertisements, Observational Studies of Pedestrian Behavior, Gender Differences in the Aggressive Behavior, The Correlational Method, The Basis of People's Fear of Animals, Assessing the Relationship Between Adults' Attitudes Towards Mental Illness, Approaches to Studies and Academic Performance, Ethical Considerations in Carrying Out Psychological Research.
700 1 _aHiggins Louise
_9317
700 1 _aMacllveen Rob
_9318
700 1 _aWadeley Alison
_9277
942 _cBK
999 _c219
_d219